000 00768nam a2200133Ia 4500
008 171212s9999 xx 000 0 und d
020 _a9781925022667
245 _ceditor Wanna, John;Lee, Hsu-Ann;Yates, Sophie
_aManaging Under Austerity, Delivering Under Pressure
_bPerformance and Productivity in Public Service
260 _bANU E Press
_c2015
440 _aAustralia and New Zealand School of Government (ANZSOG)
650 _aPolitical Science
650 _aPublic administration -- Australia; Public administration -- New Zealand; Finance, Public -- Australia; Finance, Public -- New Zealand; Civil service -- Labor productivity -- Australia; Civil service -- Labor productivity -- New Zealand; Australia -- Appr
856 _uhttp://jstor.org/stable/j.ctt19893n9
999 _c351201
_d351201